zpět

Detail výsledku týmu

Forrum, Brno

Datum a čas kvízu

29.5 Celkem bodů Celkový počet nahraných bodů na tomto kvízu bez doplňovacích otázek.
5. Pořadí na kvízu Konečné umístění týmu na tomto kvízu.

Zaznamenané odpovědi

# Otázka Odpověď Body Výsledky
1. Minulý pátek se několika návšt... na vyhlídkovém (ruském) kole na Moravském náměstí 1
2. Minulý týden bylo oznámeno obn... Moskvič 1
3. Jistá česká herečka má oficiál... Simona Stašová 0
4. V pondělí, po pěti dnech letu,... Orion 1
5. V jednom z pátečních zápasů pr... Walesu 1
6. V následujících pěti otázkách... bar, torr, atmosféra / pascal 1
7. Odvozená jednotka SI elektrick... farad 0
8. Jaký odpor v ohmech má spotřeb... 20 Ω 1
9. Přiřaďte tyto jednotky k přísl... 1C 2D 3A 4B 0
10. Uzel je jednotka rychlosti pou... B 0